000 00541nam a22001697a 4500
003 OSt
005 20120302143907.0
008 090122t xxu||||| |||| 00| 0 eng d
035 _a९४
040 _cमराठी
100 _aखाडिलकर, कृष्णाजी प्रभाकर
_9312
245 _aसंगीत विद्याहरण
250 _a६ वी
260 _aमुंबई
_bयशवंत कृष्ण खाडिलकर
300 _b९८ पाने
942 _2ddc
_cBOOK
999 _c486058
_d486055